000
00276nam a2200121Ia 4500
008
190216s9999||||xx |||||||||||||| ||und||
100
_a
Dhushyant Kumar
245
0
_a
Hindi-Chota Chota Saval
260
_b
Rajkamal Prakashan
300
_a
244
650
_a
Hindi
942
_c
BK
999
_c
16458
_d
16458